| 000 | 00573nam a2200241 a 4500 | ||
|---|---|---|---|
| 001 | nice12345678 | ||
| 003 | IN_TiNIC | ||
| 005 | 20260116011304.0 | ||
| 008 | 050524s1897 teha grp 000 0 per | ||
| 020 |
_a _c100 |
||
| 082 | 0 | 0 |
_a297.4 _bMOO1 |
| 100 | _aMoosvi, Mohd Bin Ibraheem | ||
| 245 | _aHayatul Muhibb | ||
| 260 |
_aTehran _bAli Asghar Press _c1897 |
||
| 300 | _a150p | ||
| 500 | _aincludes index and biblioraphy | ||
| 505 | 2 | _aIndex | |
| 650 | _aSufism-Iran | ||
| 700 | 1 | _aMoosvi, Mohd Bin Ibraheem | |
| 902 | _bSRS | ||
| 942 | _cBK | ||
| 999 |
_c191 _d191 |
||